Serian ukiran
| Format: | Book |
|---|---|
| Published: |
Kuala Lumpur :
Perbadanan Kemajuan Kraftangan Malaysia ,
19--?
|
| Subjects: |
MARC
| LEADER | 00000cam a2200000 7i4500 | ||
|---|---|---|---|
| 001 | 0000007325 | ||
| 002 | 000007878 | ||
| 005 | 20000330.0 | ||
| 020 | |a T000000624 | ||
| 090 | 0 | 0 | |a 736.4 |b SER |
| 245 | 0 | 0 | |a Serian ukiran |
| 260 | |a Kuala Lumpur : |b Perbadanan Kemajuan Kraftangan Malaysia , |c 19--? | ||
| 300 | |a 65 p. ; |c 19 cm. | ||
| 650 | 0 | 0 | |a Wood-carving, Malay |
| 999 | |a 051215 |b BUKU |c RUJUKAN |e PERPUSTAKAAN KOMUNITI PETALING JAYA | ||
| 999 | |a 051216 |b BUKU |c PINJAMAN |e PERPUSTAKAAN KOMUNITI PETALING JAYA | ||